| 000 | 00591 a2200169 4500 | ||
|---|---|---|---|
| 020 | _a0415937248 | ||
| 040 | _aDLC | ||
| 082 | 0 | 0 | _a503 |
| 245 | 0 | 0 |
_aEncyclopedia of science and technology _cJames Trefil, general editor ; contributing editors, Harold Morowitz, Paul Ceruzzi. |
| 260 |
_aNew York : _bRoutledge, _cc2001. |
||
| 300 |
_a554 p. : _bcol. ill., col. maps ; _c29 cm. |
||
| 650 | 0 | _aScience | |
| 650 | 0 | _aTechnology | |
| 700 | 1 |
_aTrefil, James S., _d1938- |
|
| 856 | 4 | 2 |
_3Publisher description _uhttp://www.loc.gov/catdir/enhancements/fy0651/2001019983-d.html |
| 942 |
_cBK _k503 TRE _2ddc |
||
| 999 |
_c4799 _d4799 |
||